| 000 | 01500njm a22003737a 4500 | ||
|---|---|---|---|
| 005 | 20100922121142.0 | ||
| 007 | sd ammalaaahaa | ||
| 008 | 100904t xxu||||| |||| 00| 0 hin d | ||
| 028 |
_aECSD. 3056 _bHis Master's Voice |
||
| 028 |
_a2YJE. 1423 _bHis Master's Voice |
||
| 028 |
_a2YJE. 1424 _bHis Master's Voice |
||
| 035 | _aGR-05135 | ||
| 040 | _aSED/VEN | ||
| 100 |
_aMaqbool Ahmed Sabri _91184 |
||
| 245 |
_aGhazal Side-1; Ke Ghungroo Toot Gaye (Part-1) _bUrdu / _cby Maqbool Ahmed Sabri; Music by Maqbool Ahmed Sabri; Lyric by Qateel Shifai _h[Sound Recording] : |
||
| 246 | _aके घुंघरू टूट गए (मक़बूल अहमद साबरी) | ||
| 250 | _aP-1984 | ||
| 260 |
_aDum Dum, India : _bHis Master's Voice _cP-1982 |
||
| 300 |
_a1 sound disc [Gramophone Recording] : _banalog, 33 1/3 rpm ; _c12 in. [LP] _fGramophone Records |
||
| 500 | _aBrief Records | ||
| 500 | _aRecord Lables: His Master's Voice, Red | ||
| 505 | _aगजल साइड-2; तेरी बातें ही सुनाने आये (मक़बूल अहमद साबरी), (भाग-2) | ||
| 600 |
_aMaqbool Ahmed Sabri _920735 |
||
| 650 |
_aClassical Music _xExcerpts _zIndia _918309 |
||
| 700 | _918319 | ||
| 700 | _918320 | ||
| 700 | _919413 | ||
| 700 | _919439 | ||
| 700 | _921090 | ||
| 700 | _921091 | ||
| 700 | _921103 | ||
| 942 |
_2ddc _cGR |
||
| 999 |
_c47445 _d47445 |
||